000 00314nam a2200133Ia 4500
008 190216s9999||||xx |||||||||||||| ||und||
100 _aSachdeva T N&Amp; Sachadev Sk
245 0 _aIndian Planning
250 _a4th Ed.
260 _bSudha Pubs Pvt Ltd
_c1980
300 _a216
650 _aEconomics
942 _cBK
999 _c9462
_d9462